| 000 | 00667nam a2200205 a 4500 | ||
|---|---|---|---|
| 005 | 20210223130503.0 | ||
| 008 | 080610s2005 cl r 000 0 spa d | ||
| 020 | _a9583016853 | ||
| 035 | _aUPN01000156759 | ||
| 049 | _aI | ||
| 050 | 4 |
_aGV721.6 _bF6.6 |
|
| 100 | 1 | _aFord, Michel | |
| 245 | 1 | 1 |
_a¡No te gustaría ser un atleta griego! / _cMichel Ford ; tr. Diana Esperanza Gómez. |
| 260 |
_aBogotá : _bPanamericana, _c2005. |
||
| 300 |
_a32 p. : _bil. col. |
||
| 440 | 0 | _aNo te gustaría ser | |
| 534 |
_pTítulo original: _tYou wouldn't want to be a greek athlete |
||
| 650 | 4 |
_aJUEGOS OLIMPICOS - _xHISTORIA - _vLITERATURA JUVENIL _911166 |
|
| 905 | _aInfantil | ||
| 999 |
_c128873 _d128873 |
||